Japan's overseas investments 1977 edition
Tallennettuna:
| Aineistotyyppi: | Kirja |
|---|---|
| Kieli: | Undetermined |
| Julkaistu: |
Tokyo
Ministry of International Trade and Industry
1977
|
| Aiheet: | |
| Tagit: |
Lisää tagi
Ei tageja, Lisää ensimmäinen tagi!
|
| Thư viện lưu trữ: | Trung tâm Học liệu Trường Đại học Cần Thơ |
|---|
| LEADER | 00454nam a2200157Ia 4500 | ||
|---|---|---|---|
| 001 | CTU_78952 | ||
| 008 | 210402s9999 xx 000 0 und d | ||
| 082 | |a 382 | ||
| 082 | |b J36 | ||
| 245 | 0 | |a Japan's overseas investments 1977 edition | |
| 260 | |a Tokyo | ||
| 260 | |b Ministry of International Trade and Industry | ||
| 260 | |c 1977 | ||
| 650 | |a Investment,Investment foreign | ||
| 650 | |z Japan | ||
| 980 | |a Trung tâm Học liệu Trường Đại học Cần Thơ | ||